Pojazdy Tytusa Romka i A'Tomka - Statystyki

Ogólne statystyki
  • Ten quiz został rozwiązany 80 razy
  • Średni wynik to 6 z 33
Statystyki odpowiedzi
Księga Odpowiedź % Poprawnych
III Wannolot
77%
V Wannolot
77%
XXIV Wannolot
77%
XXXI Wannolot
77%
XI Prasolot
35%
II Rozalia
30%
XIII Slajdolot
28%
X Mielolot
26%
VI Trąbolot
26%
III Rakieta
21%
XV Wkrętacz
21%
XII Bąkolot
19%
XIV Gwizdkolot
16%
XVII Okarynolot
16%
VII Odrzutki
14%
VIII Aparacik
9%
X Młynkolot
9%
XVI Syfonolot
9%
XVIII Aerografolot
7%
XXX Kapustogrocholot
7%
III Karbulot
7%
XXVI Lovelot
7%
XXIII Bzikotykolot
5%
XXI Formicikusolot
5%
XXII Gangsterolot
5%
IV Rakietowóz
5%
XIII Slajdolot 2
5%
XXVII Autokonik
2%
XXV Sterowiec
2%
XXVIII Suszarkolot
2%
XX Videobzikolot
2%
XVII Mandola
0%
XXX Tratwa
0%
Nie znaleziono quizów pasujących do podanych kryteriów
Rozkład punktacji
Procent ludzi z każdym wynikiem
Percentyl według liczby udzielonych odpowiedzi
Twoja historia wyników
Nie rozwiązałeś tego quizu